000 00368nam a2200133Ia 4500
008 151001s9999||||xx |||||||||||||| ||und||
100 _a उन्मेष
245 _aसावित्रीबाई फुले
250 _a1
260 _bनिर्मल प्रकाशन पुणे
260 _c2004
300 _a41
365 _b21
999 _c983111
_d983108